000 00685cam a2200157 4500
001 ABS61011
008 000000n 000 0 eng u
035 _a(Sirsi) u101565
100 _aSlavid, R.
245 _aLargest practices make hay.
490 _aArchitects' Journal
_v210(3) 15 July 1999, 41-43(3)
520 _aReviews the findings of Architects' Performance 99 which shows that architects' fees are rising faster than their workload. The study, which looks at the performance of 400 practices, also indicates the best performance is coming from the largest practices. Tables.
650 _aFEES
690 _aMANAGEMENT-BUSINESS MANAGEMENT-PROFESSIONAL PRACTICE
942 _n0
999 _c60697
_d60697